000
00291nam a22001337a 4500
008
171023b xxu||||| |||| 00| 0 eng d
020
_a
0395317312
041
_a
eng
080
_a
311
100
_a
55
101
_a
STA
245
_a
BASIC BEHAVIORAL STATISTICS
_c
COX,J.R
942
_2
udc
_c
BK
999
_c
35492
_d
35492